Biodiversity and development (Registro nro. 1933)

Detalles MARC
000 -CABECERA
Campo de control 00783nam a2200253 a 4500
005 - FECHA Y HORA DE LA ULTIMA TRANSACCION
Campo de control 20200104041526.0
008 - ELEMENTOS DE LONGITUD FIJA—INFORMACION GENERAL
Campo de control 140303b1999 gw ||||| |||| 00| 0 eng d
040 ## - FUENTE DE CATALOGACIÓN
Agencia catalogadora original CO-BoIAVH
Agencia transcriptora CO-BoIAVH
041 ## - IDIOMA
Código de idioma para texto/pista de sonido o título separado Inglés
044 ## - PAÍS DE PUBLICACIÓN
País de publicación Alemania
082 ## - NUMERO DE CLASIFICACION DECIMAL DEWEY
Número de clasificación 333.7
Número del ítem D48b
111 ## - ASIENTO PRINCIPAL--NOMBRE DE REUNION
Nombre de reunión o de jurisdicción como elemento de entrada International Symposium Biodiversity and Development
Lugar de la reunión Bonn, Germay
Fecha de la reunión 1999:
9 (RLIN) 52949
245 ## - MENCION DE TITULO
Título Biodiversity and development
Parte restante del título exchanging experiences building visions
260 ## - PUBLICACION, DISTRIBUCION, ETC. (PIE DE IMPRENTA)
Lugar de publicación, distribución, etc. Bonn
Nombre del editor, distribuidor, etc. GTZ
Fecha de publicación, distribución, etc. 1999
300 ## - DESCRIPCION FISICA
Extensión 36 paginas.
650 #6 - ASIENTO SECUNDARIO DE MATERIA - TERMINO TEMATICO
Término temático o nombre geográfico como elemento de entrada Biodiversidad
9 (RLIN) 92204
650 #6 - ASIENTO SECUNDARIO DE MATERIA - TERMINO TEMATICO
Término temático o nombre geográfico como elemento de entrada Medio ambiente
9 (RLIN) 92195
650 #6 - ASIENTO SECUNDARIO DE MATERIA - TERMINO TEMATICO
Término temático o nombre geográfico como elemento de entrada Clearing House Mechanism
9 (RLIN) 8896
650 #6 - ASIENTO SECUNDARIO DE MATERIA - TERMINO TEMATICO
Término temático o nombre geográfico como elemento de entrada Bioprospección
9 (RLIN) 52952
650 ## - ASIENTO SECUNDARIO DE MATERIA - TERMINO TEMATICO
Término temático o nombre geográfico como elemento de entrada Areas protegidas
9 (RLIN) 78
650 #6 - ASIENTO SECUNDARIO DE MATERIA - TERMINO TEMATICO
Término temático o nombre geográfico como elemento de entrada Ecoturísmo
9 (RLIN) 52954
650 #6 - ASIENTO SECUNDARIO DE MATERIA - TERMINO TEMATICO
Término temático o nombre geográfico como elemento de entrada Impacto ambiental
9 (RLIN) 92215
942 ## - ELEMENTOS ADICIONALES (KOHA)
Tipo de ítem Libro
Sistema de clasificación Dewey Decimal Classification
Existencias
Withdrawn status Lost status Sistema de Clasificación Damaged status No para préstamo Colección Inventariado Ubicación Permanente Ubicación actual Fecha de adquisición Fuente de Valor Valor Total Checkouts Número topográfico Inventario / Código de Barras Date last seen Ejemplar Price effective from Forma de adquisición Tipo de material
    Dewey Decimal Classification     General Inventariado 2017 Bogotá Bogotá 04/05/2001   39000.00   LB-333.7 D48b 002414 04/12/2012 Ej. 1 04/12/2012   Libro
    Dewey Decimal Classification     General Inventariado 2017 Sala Fabio Quevedo Sala Fabio Quevedo 26/01/2001 Ferreira Miani, Paola 39000.00   LB-333.7 D48b 002412 04/12/2012 Ej. 3 04/12/2012 Donación Libro
    Dewey Decimal Classification     General Inventariado 2017 Sala Fabio Quevedo Sala Fabio Quevedo 04/05/2001 Samper, Cristián 39000.00   LB-333.7 D48b 002413 04/12/2012 Ej. 2 04/12/2012   Libro